000 03291ngm a2200493 4500
001 DVD-007837-7845
003 dpl
005 20110818155816.0
006 a|||||r|||||00| 0
007 CD
008 ||||||sp199 xxu|||||c ||| 00| 0 eng d
010 _aDVD-007837-7845
024 _aKVCD-4530
_c75.00
035 _aDVD-007837-7845
037 _bPioneers Office Automation
040 _aDPL
_cDPL
082 _aDVD / MORA
245 _aMoral stories:
_cpresented by Bhadrik Veera
_h[videorecording] DVD
_bHare & tortoise /
246 _aNinteen Forty Seven The Earth
260 _bKrunal Entertainments
_aMumbai
300 C _aPt. 5-1 videodisc CD
_bsd., col. ;
_c4 3/4 in.
_fCD
440 _933048
500 _aAnimated stories
500 _aContain Stories: Lion and Mouse, Hare & Tortoise, The Golden Touch, The Crow & The Necklace
538 _aDolby Digital 5.1 - Hindi Subtitles: English
650 _aAnimated Movie
_933049
700 _aNarsimhan, N.K.
_933050
700 _aBidyananda Singh, N.
_933051
700 _aMujeer, Jostin P.J. Zohra
_933052
700 _a Rai, Raghunath K. Brajesh
_933053
700 _aGupta, Vijay Kumar
_933054
942 _cCF
_2ddc
_hCD
_mMORA
999 _c55633
_d55633